Advanced educational psychology/ (Record no. 11564)

MARC details
000 -LEADER
fixed length control field 00507nam a22001937a 4500
005 - DATE AND TIME OF LATEST TRANSACTION
control field 20230614122429.0
008 - FIXED-LENGTH DATA ELEMENTS--GENERAL INFORMATION
fixed length control field 230614b ||||| |||| 00| 0 eng d
020 ## - INTERNATIONAL STANDARD BOOK NUMBER
International Standard Book Number 9788120320383
040 ## - CATALOGING SOURCE
Original cataloging agency IN-DiNC
Transcribing agency IN-DiNC
041 ## - LANGUAGE CODE
Language code of sung or spoken text English
082 ## - DEWEY DECIMAL CLASSIFICATION NUMBER
Classification number 370.15
Item number MAN
100 ## - MAIN ENTRY--PERSONAL NAME
Personal name Mangal, S K
Relator term Author
245 ## - TITLE STATEMENT
Title Advanced educational psychology/
Statement of responsibility, etc. by S K Mangal
250 ## - EDITION STATEMENT
Edition statement 2nd ed.
260 ## - PUBLICATION, DISTRIBUTION, ETC.
Place of publication, distribution, etc. Delhi:
Name of publisher, distributor, etc. PHI learning,
Date of publication, distribution, etc. 2018.
300 ## - PHYSICAL DESCRIPTION
Extent xii, 520p.
650 ## - SUBJECT ADDED ENTRY--TOPICAL TERM
Topical term or geographic name entry element Educational psychology
942 ## - ADDED ENTRY ELEMENTS (KOHA)
Source of classification or shelving scheme Dewey Decimal Classification
Koha item type Books
Holdings
Withdrawn status Lost status Source of classification or shelving scheme Damaged status Not for loan Collection code Home library Current library Shelving location Date acquired Cost, normal purchase price Total Checkouts Full call number Barcode Date last seen Date last checked out Copy number Price effective from Koha item type
    Dewey Decimal Classification     Education Central Library, Naharkatiya College Central Library, Naharkatiya College General Stacks 14/06/2023 350.00 2 370.15 MAN 26969 28/06/2025 10/04/2025 1 14/06/2023 Books

Naharkatiya College © 2020. All rights reserved.

Powered By